[Event "16th Dubai Open 2014"]
[Site "Dubai UAE"]
[Date "2014.04.10"]
[Round "4.12"]
[White "Tabatabaei, M.amin"]
[Black "Iordachescu, Viorel"]
[Result "1/2-1/2"]
[WhiteElo "2298"]
[BlackElo "2601"]
[PlyCount "118"]
[EventDate "2014.04.07"]

1. d4 g6 2. e4 Bg7 3. Nc3 c6 4. f4 d5 5. e5 Nh6 6. Nf3 f6 7. Be2 Bg4 8. Be3 O-O
9. h3 Bxf3 10. Bxf3 e6 11. O-O Nf5 12. Bf2 fxe5 13. dxe5 Nd7 14. Ne2 g5 15. c4
dxc4 16. g4 gxf4 17. Nxf4 Nh4 18. Bxh4 Qxh4 19. Qxd7 Rxf4 20. Bg2 Qg3 21. Qxb7
Raf8 22. Qxc6 Bxe5 23. Qxe6+ R4f7 24. Rf5 Qh2+ 25. Kf1 Kg7 26. Rd1 Rxf5+ 27.
gxf5 Qf4+ 28. Kg1 Kh8 29. Qc6 Qe3+ 30. Kh1 Qg3 31. Kg1 Qh2+ 32. Kf1 Bxb2 33.
Qc5 Rg8 34. Rd2 Qf4+ 35. Qf2 Qxf2+ 36. Rxf2 Bf6 37. Bd5 Rc8 38. Be6 Rc7 39. Rg2
h5 40. Rg8+ Kh7 41. Rc8 Rxc8 42. Bxc8 c3 43. Ke2 Kh6 44. Bb7 Kg5 45. Bf3 h4 46.
Kd3 Kf4 47. Bh5 Kg3 48. Bg4 Kg2 49. Kc2 Kf2 50. Bd1 Ke3 51. Bh5 Ke4 52. Bd1
Kxf5 53. Bg4+ Kf4 54. Bc8 Ke3 55. Ba6 Kd4 56. Bf1 Kc5 57. Be2 Kb4 58. Bg4 Ka3
59. Be6 Kb4 1/2-1/2

[Event "16th Dubai Open 2014"]
[Site "Dubai UAE"]
[Date "2014.04.10"]
[Round "4.13"]
[White "Jones, Gawain C B"]
[Black "Kjartansson, Gudmundur"]
[Result "1/2-1/2"]
[WhiteElo "2650"]
[BlackElo "2440"]
[PlyCount "181"]
[EventDate "2014.04.07"]

1. e4 e5 2. d4 exd4 3. Nf3 Nc6 4. Nxd4 Nf6 5. Nxc6 bxc6 6. e5 Qe7 7. Qe2 Nd5 8.
c4 Ba6 9. Nd2 f6 10. Qe4 Nb6 11. exf6 Qxe4+ 12. Nxe4 Bxc4 13. Bxc4 Nxc4 14. O-O
Kf7 15. b3 Nb6 16. Bb2 gxf6 17. Bxf6 Rg8 18. Bd4 Nd5 19. f4 h6 20. Nc3 Bc5 21.
Bxc5 Nxc3 22. Rf3 Ne4 23. Bd4 c5 24. Be5 c6 25. Re1 d5 26. Rh3 Rg6 27. f5 Rg5
28. Rxh6 Rxf5 29. Bb2 a5 30. Rxc6 a4 31. Rc7+ Kg8 32. Rg7+ Kf8 33. Rh7 Ra6 34.
bxa4 Rxa4 35. a3 Ra6 36. Rb7 Re6 37. h4 d4 38. a4 d3 39. Rd7 c4 40. Ba3+ Ke8
41. Rd4 Nc5 42. Rb1 Nb3 43. Rxc4 d2 44. Bb4 Rfe5 45. Bxd2 Nxd2 46. Rb8+ Kf7 47.
Rf4+ Kg7 48. Rg4+ Kh7 49. Rb7+ Kh6 50. Rg8 Re1+ 51. Kh2 Nf1+ 52. Kh3 Ne3 53.
Kh2 Nf1+ 54. Kh3 Ne3 55. Rh8+ Kg6 56. h5+ Kf5 57. Rf8+ Ke5 58. Rb5+ Ke4 59. Kg3
Nd5 60. Rg8 Re3+ 61. Kh2 Nf6 62. Rg6 Ra3 63. Rb4+ Kf5 64. Rb5+ Ke4 65. a5 Rd3
66. h6 Rd7 67. Rb6 Rxb6 68. axb6 Kf5 69. Rg7 Ng4+ 70. Kh3 Rd3+ 71. Kh4 Nxh6 72.
Kh5 Rd6 73. Rg5+ Kf4 74. g3+ Kf3 75. Rb5 Ng8 76. b7 Nf6+ 77. Kh4 Rd4+ 78. Kh3
Nd7 79. Rf5+ Ke4 80. Rf7 Nb8 81. Rf4+ Ke5 82. Rxd4 Kxd4 83. Kg4 Ke5 84. Kg5 Kd6
85. g4 Kc7 86. Kf5 Nc6 87. Kf6 Kxb7 88. g5 Kc7 89. g6 Kd7 90. g7 Ne7 91. g8=N
1/2-1/2

[Event "16th Dubai Open 2014"]
[Site "Dubai UAE"]
[Date "2014.04.10"]
[Round "4.14"]
[White "Swapnil, S. Dhopade"]
[Black "Kuzubov, Yuriy"]
[Result "0-1"]
[WhiteElo "2438"]
[BlackElo "2639"]
[PlyCount "96"]
[EventDate "2014.04.07"]

1. d4 d6 2. c4 e5 3. Nc3 exd4 4. Qxd4 Nf6 5. g3 g6 6. Nd5 Bg7 7. Bh6 O-O 8.
Bxg7 Kxg7 9. Bg2 Nbd7 10. Nh3 Re8 11. Nhf4 c6 12. Nxf6 Qa5+ 13. Qd2 Qxd2+ 14.
Kxd2 Nxf6 15. h4 h6 16. Rad1 Bf5 17. Bf3 Be4 18. Kc3 Rad8 19. Rhf1 Bxf3 20.
exf3 d5 21. cxd5 g5 22. hxg5 hxg5 23. Nd3 Rxd5 24. Nc1 Rf5 25. Rd3 Nd5+ 26. Kd2
Rfe5 27. a3 a5 28. Kc2 a4 29. Na2 Re2+ 30. Rd2 Kf6 31. Nc3 Nxc3 32. Kxc3 Rxd2
33. Kxd2 Re5 34. Rc1 Rb5 35. Rc4 Rxb2+ 36. Ke1 b5 37. Rxc6+ Ke5 38. Kf1 Kd4 39.
Rf6 Rb3 40. f4 g4 41. Rxf7 Rxa3 42. f5 Rf3 43. f6 a3 44. Rf8 b4 45. f7 Kc3 46.
Rc8+ Kb2 47. f8=Q Rxf8 48. Rxf8 a2 0-1

[Event "16th Dubai Open 2014"]
[Site "Dubai UAE"]
[Date "2014.04.10"]
[Round "4.15"]
[White "Amin, Bassem"]
[Black "Georgiadis, Nico"]
[Result "0-1"]
[WhiteElo "2637"]
[BlackElo "2421"]
[PlyCount "120"]
[EventDate "2014.04.07"]

1. Nf3 d5 2. g3 Nf6 3. Bg2 c5 4. O-O e6 5. d3 Nc6 6. Nbd2 e5 7. e4 d4 8. a4 Bd6
9. Nc4 Bc7 10. c3 O-O 11. cxd4 cxd4 12. b4 a6 13. Bd2 Be6 14. b5 Bxc4 15. dxc4
Nb8 16. b6 Bd6 17. c5 Bxc5 18. Nxe5 Bxb6 19. Nc4 Bc7 20. Rb1 Nc6 21. Rxb7 Nd7
22. Qh5 Rb8 23. Rxb8 Bxb8 24. Rc1 Nde5 25. f4 g6 26. Qd1 Nd3 27. Rb1 a5 28. Rb5
Bc7 29. Rd5 Qb8 30. Nxa5 Bxa5 31. Bxa5 Nb2 32. Qc1 Nxa5 33. Rb5 Qa7 34. Qxb2
Nc4 35. Rb7 Nxb2 36. Rxa7 Rd8 37. a5 d3 38. Rb7 d2 39. Bf3 d1=Q+ 40. Bxd1 Rxd1+
41. Kf2 Rd2+ 42. Kf3 Nd1 43. a6 Rf2+ 44. Kg4 Ne3+ 45. Kh3 Ra2 46. a7 Kg7 47. g4
g5 48. Kg3 Nf1+ 49. Kf3 Nxh2+ 50. Kg3 Nf1+ 51. Kf3 Nh2+ 52. Kg3 Nf1+ 53. Kf3
Ra3+ 54. Kf2 Nd2 55. e5 Ne4+ 56. Kg1 Nc5 57. Rb5 Nd3 58. e6 Ra1+ 59. Kh2 Ra2+
60. Kg1 fxe6 0-1

[Event "16th Dubai Open 2014"]
[Site "Dubai UAE"]
[Date "2014.04.10"]
[Round "4.16"]
[White "Solak, Dragan"]
[Black "Das, Sayantan"]
[Result "1-0"]
[WhiteElo "2635"]
[BlackElo "2371"]
[PlyCount "105"]
[EventDate "2014.04.07"]

1. e4 e5 2. Nf3 Nc6 3. Bb5 a6 4. Bxc6 dxc6 5. O-O Bg4 6. h3 h5 7. d3 Qf6 8.
Nbd2 Ne7 9. Re1 Ng6 10. d4 Nf4 11. hxg4 hxg4 12. g3 gxf3 13. Qxf3 Ne6 14. dxe5
Qxe5 15. Nb3 Bd6 16. Kg2 O-O-O 17. Qf5 g6 18. Qxe5 Bxe5 19. f4 Bf6 20. e5 Be7
21. Be3 c5 22. Rad1 Rxd1 23. Rxd1 b6 24. c3 a5 25. Nd2 f5 26. exf6 Bxf6 27. Ne4
Bg7 28. a4 Re8 29. Kf3 Rf8 30. Kg4 Re8 31. Kf3 Rf8 32. Rd5 Nd8 33. Nd2 Nc6 34.
Nc4 Ne7 35. Rd1 Kb7 36. Rh1 Nf5 37. g4 Nd6 38. Nxd6+ cxd6 39. Rh7 Rg8 40. f5
Kc6 41. fxg6 Be5 42. Ke4 Rxg6 43. g5 Rg8 44. Re7 Rh8 45. g6 Rh3 46. Bg5 Rg3 47.
Rxe5 dxe5 48. Kf5 Rf3+ 49. Kxe5 Rf8 50. c4 Kd7 51. g7 Rg8 52. Kf6 Ke8 53. Bh6
1-0

[Event "16th Dubai Open 2014"]
[Site "Dubai UAE"]
[Date "2014.04.10"]
[Round "4.17"]
[White "Mchedlishvili, Mikheil"]
[Black "Ekdyshman, Mikhail"]
[Result "1-0"]
[WhiteElo "2628"]
[BlackElo "2365"]
[PlyCount "141"]
[EventDate "2014.04.07"]

1. d4 d5 2. Nf3 Nc6 3. e3 Bg4 4. Bb5 Qd6 5. Nbd2 O-O-O 6. c4 dxc4 7. Qa4 Bxf3
8. Nxf3 Qb4+ 9. Bd2 Qxa4 10. Bxa4 Nb8 11. Rc1 a6 12. Ne5 Nh6 13. Bd1 b5 14. b3
f6 15. Nf3 e5 16. bxc4 Ba3 17. Rc2 e4 18. Ng1 b4 19. c5 Nc6 20. Be2 Kb7 21. f3
f5 22. Nh3 Rhe8 23. fxe4 Rxe4 24. Bf3 Rdxd4 25. O-O Rc4 26. Bxe4 Rxe4 27. Nf2
Re7 28. Re1 Rd7 29. e4 Nd4 30. c6+ Nxc6 31. Bxh6 gxh6 32. exf5 Rf7 33. Rc5 Nd4
34. Nd3 Rxf5 35. Rxf5 Nxf5 36. Re6 Nd6 37. Rxh6 Kb6 38. h4 a5 39. h5 a4 40.
Rxh7 b3 41. axb3 axb3 42. Re7 c5 43. h6 b2 44. Re1 c4 45. h7 Nf7 46. Ne5 Bc5+
47. Kf1 c3 48. Nxf7 Bd4 49. Nd6 Kc5 50. Nf5 c2 51. Nxd4 b1=Q 52. h8=Q Qxe1+ 53.
Kxe1 c1=Q+ 54. Kf2 Qb2+ 55. Kg3 Qc3+ 56. Kg4 Qe1 57. Nf3 Qe4+ 58. Kg3 Qg6+ 59.
Kh2 Kd6 60. Qe5+ Kd7 61. Qd4+ Ke7 62. g4 Qc2+ 63. Kg3 Kf8 64. Qf6+ Kg8 65. Qg5+
Kh8 66. Qf5 Qd1 67. Kh4 Qh1+ 68. Kg5 Qc1+ 69. Qf4 Qa3 70. Ne5 Qc5 71. Kg6 1-0

[Event "16th Dubai Open 2014"]
[Site "Dubai UAE"]
[Date "2014.04.10"]
[Round "4.18"]
[White "Pourramezanali, Amirreza"]
[Black "Petrosian, Tigran L"]
[Result "1/2-1/2"]
[WhiteElo "2435"]
[BlackElo "2627"]
[PlyCount "104"]
[EventDate "2014.04.07"]

1. e4 g6 2. d4 Bg7 3. Nc3 d6 4. Be3 a6 5. Qd2 Nd7 6. h4 h6 7. f4 h5 8. Nf3 Ngf6
9. e5 Ng4 10. Ng5 Nb6 11. Bd3 Bf5 12. Bxf5 gxf5 13. Bg1 e6 14. O-O-O d5 15. Rh3
Qd7 16. Qe2 Bf8 17. Nb1 Qa4 18. a3 Rc8 19. Rb3 Nc4 20. Rxb7 Na5 21. Ra7 Nc4 22.
Rb7 Be7 23. Rb3 O-O 24. Nf3 c5 25. dxc5 Bxc5 26. Bxc5 Rxc5 27. Rc3 Qc6 28. Nd4
Qb6 29. Rb3 Qa7 30. Rdd3 Rfc8 31. Rbc3 Qb6 32. b3 Rb8 33. Qe1 Ra5 34. b4 Ra4
35. Rb3 a5 36. bxa5 Qc7 37. Rxb8+ Qxb8 38. Rb3 Qa7 39. Qc3 Rxa5 40. Nd2 Ra4 41.
N2f3 Kg7 42. Ng5 Kg6 43. Ngf3 Qc5 44. Rb5 Qe7 45. Rb3 Qa7 46. Nb5 Qf2 47. Kb1
Nge3 48. Nfd4 Nd2+ 49. Ka2 Nxb3 50. Qc8 Kh7 51. Qd7 Nxd4 52. Qxf7+ Kh8 1/2-1/2

[Event "16th Dubai Open 2014"]
[Site "Dubai UAE"]
[Date "2014.04.10"]
[Round "4.19"]
[White "Volkov, Sergey"]
[Black "Isaev, Jamshed"]
[Result "1-0"]
[WhiteElo "2600"]
[BlackElo "2331"]
[PlyCount "96"]
[EventDate "2014.04.07"]

1. d4 Nf6 2. c4 g6 3. Nc3 d5 4. Nf3 Bg7 5. Qb3 dxc4 6. Qxc4 O-O 7. e4 a6 8. Be2
b5 9. Qb3 Nc6 10. e5 Be6 11. Qd1 Nd5 12. O-O Nxc3 13. bxc3 Na5 14. Ng5 Bd5 15.
Bf3 c5 16. dxc5 Bxf3 17. Qxf3 Bxe5 18. Qh3 h5 19. Ne6 Qc8 20. Nxf8 Qxh3 21.
gxh3 Rxf8 22. Be3 Bxc3 23. Rac1 b4 24. Rfd1 Nc6 25. Kf1 Rc8 26. Rd7 a5 27. a4
Ne5 28. Rxe7 Nd3 29. Rd1 Nxc5 30. Bxc5 Rxc5 31. Rb7 Kg7 32. Rb5 Rxb5 33. axb5
b3 34. Ke2 Be5 35. Kd3 Kf6 36. b6 a4 37. b7 Kg5 38. Re1 Bxh2 39. Rg1+ Bxg1 40.
b8=Q Bxf2 41. Qe5+ f5 42. Ke2 Bb6 43. Kf3 h4 44. Qe7+ Kh5 45. Kf4 Kh6 46. Qxh4+
Kg7 47. Qe7+ Kh6 48. Qf8+ Kh7 1-0

[Event "16th Dubai Open 2014"]
[Site "Dubai UAE"]
[Date "2014.04.10"]
[Round "4.20"]
[White "Kanter, Eduard"]
[Black "Bogner, Sebastian"]
[Result "0-1"]
[WhiteElo "2406"]
[BlackElo "2587"]
[PlyCount "66"]
[EventDate "2014.04.07"]

1. d4 Nf6 2. c4 c6 3. Nc3 d5 4. Nf3 a6 5. e3 Bf5 6. Qb3 b5 7. cxd5 cxd5 8. a4
b4 9. Qxb4 Nc6 10. Qc5 Na5 11. Bxa6 Rxa6 12. Qb5+ Rc6 13. Ne5 Bd7 14. Nxd7 Kxd7
15. Nxd5 e6 16. Nxf6+ gxf6 17. Bd2 Nc4 18. d5 exd5 19. Rc1 Bc5 20. b4 Qc7 21.
a5 Rb8 22. Qa4 Bd6 23. Bc3 Ke7 24. b5 Rc5 25. b6 Qc6 26. Qxc6 Rxc6 27. Ke2 Ke6
28. Kd3 Rc5 29. Ra1 Be5 30. Bd4 Rxa5 31. Rxa5 Nxa5 32. Ra1 Bxd4 33. exd4 Nc4
0-1

[Event "16th Dubai Open 2014"]
[Site "Dubai UAE"]
[Date "2014.04.10"]
[Round "4.21"]
[White "Jumabayev, Rinat"]
[Black "Ahmadinia, Ebrahim"]
[Result "0-1"]
[WhiteElo "2580"]
[BlackElo "2353"]
[PlyCount "132"]
[EventDate "2014.04.07"]

1. d4 d5 2. c4 c6 3. Nf3 Nf6 4. Qc2 dxc4 5. Qxc4 Bf5 6. g3 e6 7. Bg2 Nbd7 8.
O-O Be7 9. Nc3 O-O 10. Re1 Ne4 11. Qb3 Qb6 12. Nh4 Bxh4 13. Qxb6 axb6 14. Nxe4
Be7 15. Bf4 Rfd8 16. Red1 Nf6 17. Nc3 Nd5 18. Bxd5 cxd5 19. Bc7 Rdc8 20. Bxb6
Rc6 21. Bc5 Bxc5 22. dxc5 Rxc5 23. Rd4 Rac8 24. Rad1 Rc4 25. f3 g5 26. Kf2 Bg6
27. Ke3 R4c7 28. Rb4 f6 29. f4 gxf4+ 30. gxf4 Re7 31. Rb6 Bf7 32. Rd2 Kg7 33.
Kf3 Rc4 34. e3 Be8 35. Rd4 Rc6 36. Rb3 Ra6 37. f5 exf5 38. Kf2 Bc6 39. a3 Re5
40. Ne2 Ra8 41. Rf4 Rae8 42. Rc3 Kg6 43. Nd4 Re4 44. Kf3 Bd7 45. Ne2 Bc6 46.
Nd4 Bd7 47. Rxe4 fxe4+ 48. Kf4 Re5 49. Rc7 Bc6 50. b4 Rh5 51. Ne6 f5 52. Nf8+
Kf6 53. Nxh7+ Ke6 54. Ng5+ Kf6 55. Rf7+ Kg6 56. Rxf5 Rxh2 57. Re5 Rf2+ 58. Kg3
Re2 59. Kf4 Rf2+ 60. Kg3 Re2 61. a4 Kf6 62. Kf4 Rf2+ 63. Kg3 Rf1 64. Nf7 Kxf7
65. b5 Rf3+ 66. Kg2 Rxe3 0-1

[Event "16th Dubai Open 2014"]
[Site "Dubai UAE"]
[Date "2014.04.10"]
[Round "4.22"]
[White "Stojanovic, Mihajlo"]
[Black "Mohannad, Farhan"]
[Result "1/2-1/2"]
[WhiteElo "2568"]
[BlackElo "2313"]
[PlyCount "138"]
[EventDate "2014.04.07"]

1. Nf3 Nf6 2. c4 g6 3. Nc3 Bg7 4. e4 d6 5. d4 O-O 6. Be2 e5 7. d5 Ne8 8. h4 a5
9. h5 Na6 10. hxg6 fxg6 11. Be3 Nc5 12. Qc2 Qe7 13. O-O-O Nf6 14. Nd2 Bd7 15.
Nb3 Na6 16. Nxa5 Nb4 17. Qb3 Nxa2+ 18. Qxa2 b6 19. b4 bxa5 20. b5 Kh8 21. Qd2
Nh5 22. g3 Qe8 23. Kc2 Qc8 24. Ra1 Bg4 25. Bxg4 Qxg4 26. Qe2 Qd7 27. Ra3 Nf6
28. Rha1 Qh3 29. Rxa5 Rxa5 30. Rxa5 Qg2 31. Kd3 Nd7 32. Ra7 Nc5+ 33. Bxc5 dxc5
34. Rxc7 Bh6 35. Nd1 Ra8 36. b6 Ra3+ 37. Kc2 Ra2+ 38. Nb2 Qh1 39. b7 Qc1+ 40.
Kb3 Ra3+ 41. Kxa3 Qc3+ 42. Ka2 Qa5+ 43. Kb1 Qxc7 44. Qf3 Qxb7 45. Qf6+ Kg8 46.
Qxe5 Qb4 47. Qe6+ Kg7 48. Qe7+ Kg8 49. Qe6+ Kg7 50. Qd7+ Kg8 51. d6 Qe1+ 52.
Ka2 Qxf2 53. Qe8+ Kg7 54. d7 Bg5 55. Qe5+ Qf6 56. Qxf6+ Bxf6 57. Nd3 Kf7 58. e5
Bd8 59. Nxc5 h5 60. Kb3 g5 61. Ne4 Ke6 62. c5 Kxe5 63. Nd6 Ke6 64. Kc4 h4 65.
gxh4 gxh4 66. Ne4 Kxd7 67. Kd5 h3 68. Nf2 h2 69. Ke4 Kc6 1/2-1/2

[Event "16th Dubai Open 2014"]
[Site "Dubai UAE"]
[Date "2014.04.10"]
[Round "4.23"]
[White "Nezad, Husein Aziz"]
[Black "Kotsur, Pavel"]
[Result "0-1"]
[WhiteElo "2366"]
[BlackElo "2557"]
[PlyCount "72"]
[EventDate "2014.04.07"]

1. d4 Nf6 2. c4 b6 3. Nf3 e6 4. g3 Bb7 5. Bg2 g6 6. Nc3 Ne4 7. Nxe4 Bxe4 8. O-O
Bg7 9. Bg5 Qc8 10. Qd2 h6 11. Be3 d6 12. Rac1 Nc6 13. d5 Ne7 14. dxe6 fxe6 15.
Nd4 Bxg2 16. Kxg2 a6 17. b4 c5 18. Nf3 Qc6 19. Kg1 Nf5 20. g4 Ne7 21. Rfd1 Rd8
22. bxc5 bxc5 23. Bf4 g5 24. Bg3 Qe4 25. h3 Nc6 26. Qe3 Qxe3 27. fxe3 Ke7 28.
Rb1 Na5 29. Nd2 Be5 30. Bxe5 dxe5 31. Ne4 Rxd1+ 32. Rxd1 Nxc4 33. Nxc5 Rc8 34.
Nxa6 Nxe3 35. Ra1 Nd5 36. a4 Rc6 0-1

[Event "16th Dubai Open 2014"]
[Site "Dubai UAE"]
[Date "2014.04.10"]
[Round "4.24"]
[White "Schneider, Veronika"]
[Black "Mastrovasilis, Athanasios"]
[Result "0-1"]
[WhiteElo "2307"]
[BlackElo "2535"]
[PlyCount "58"]
[EventDate "2014.04.07"]

1. e4 c5 2. c3 Nf6 3. e5 Nd5 4. Nf3 e6 5. d4 cxd4 6. cxd4 b6 7. Bc4 Ba6 8. Bxd5
exd5 9. Bg5 Qc8 10. Nc3 Bb4 11. Rc1 Nc6 12. a3 Bxc3+ 13. Rxc3 O-O 14. Qd2 Qe8
15. Kd1 Qe6 16. h4 Rfc8 17. Rh3 Na5 18. Bf6 gxf6 19. Qf4 Kh8 20. h5 Rg8 21. Rg3
Nc6 22. Re3 Rxg3 23. fxg3 Rg8 24. exf6 Qg4 25. h6 Qg6 26. Kc1 Na5 27. Ne5 Rc8+
28. Rc3 Nb3+ 29. Kd1 Qb1+ 0-1

[Event "16th Dubai Open 2014"]
[Site "Dubai UAE"]
[Date "2014.04.10"]
[Round "4.25"]
[White "Dizdar, Goran"]
[Black "Gulamali, Kazim"]
[Result "1-0"]
[WhiteElo "2513"]
[BlackElo "2293"]
[PlyCount "161"]
[EventDate "2014.04.07"]

1. Nf3 Nf6 2. c4 g6 3. g3 Bg7 4. Bg2 O-O 5. O-O d5 6. cxd5 Nxd5 7. d4 Nc6 8.
Nc3 Nb6 9. d5 Na5 10. Qc2 c6 11. dxc6 Nxc6 12. Rd1 Qe8 13. Be3 Bf5 14. Qc1 Rd8
15. Bh6 e5 16. Bxg7 Kxg7 17. Rxd8 Qxd8 18. Ng5 Qe7 19. Bxc6 bxc6 20. b3 Rd8 21.
Nge4 f6 22. Qb2 Qb4 23. a3 Qd4 24. e3 Qd3 25. Nc5 Qd2 26. Qxd2 Rxd2 27. Ra2
Rxa2 28. Nxa2 Nd7 29. Nxd7 Bxd7 30. Nc3 Kf7 31. Kf1 Ke7 32. Ke2 Be6 33. b4 Bc4+
34. Kd2 f5 35. Na4 Kd6 36. Nc5 Kd5 37. Kc3 Bf1 38. h4 h6 39. f4 a5 40. Kb3 axb4
41. Kxb4 exf4 42. gxf4 h5 43. a4 Be2 44. a5 Bf1 45. Nb3 Bc4 46. Nc5 Be2 47. Nd7
Ke4 48. Kc5 Kxe3 49. Ne5 Kxf4 50. Nc4 Bxc4 51. Kxc4 Kg3 52. a6 f4 53. a7 f3 54.
a8=Q f2 55. Qb8+ Kg2 56. Qb2 Kg1 57. Qd4 Kg2 58. Qe4+ Kg1 59. Qxg6+ Kh2 60.
Qd6+ Kh3 61. Qe6+ Kg3 62. Qe5+ Kg2 63. Qg7+ Kh2 64. Qc7+ Kh3 65. Qc8+ Kg3 66.
Qg8+ Kh2 67. Qf7 Kg2 68. Qg7+ Kh3 69. Qf6 Kg2 70. Qxc6+ Kg1 71. Qg6+ Kh2 72.
Qf5 Kg1 73. Qg5+ Kh2 74. Qf4+ Kg2 75. Qe4+ Kg1 76. Qe3 Kg2 77. Qe2 Kg1 78. Kd4
f1=Q 79. Qxf1+ Kxf1 80. Ke3 Kg2 81. Kf4 1-0

[Event "16th Dubai Open 2014"]
[Site "Dubai UAE"]
[Date "2014.04.10"]
[Round "4.26"]
[White "Cicak, Slavko"]
[Black "Deshpande, Aniruddha"]
[Result "1-0"]
[WhiteElo "2507"]
[BlackElo "2287"]
[PlyCount "58"]
[EventDate "2014.04.07"]

1. e4 c5 2. Nf3 Nc6 3. Bb5 g6 4. c3 Bg7 5. d4 Qb6 6. a4 cxd4 7. O-O a6 8. Bxc6
dxc6 9. a5 Qc7 10. cxd4 Bg4 11. Be3 Nf6 12. Nc3 O-O 13. h3 Bxf3 14. Qxf3 e5 15.
d5 cxd5 16. exd5 e4 17. Nxe4 Nxd5 18. Rac1 Qe5 19. Rc5 Rad8 20. Nc3 Nxe3 21.
Rxe5 Nxf1 22. Rd5 Nd2 23. Qd3 Rxd5 24. Nxd5 Bxb2 25. Qxd2 Bg7 26. Qb4 Re8 27.
Ne7+ Kh8 28. Qxb7 Be5 29. Qd5 Ra8 1-0

[Event "16th Dubai Open 2014"]
[Site "Dubai UAE"]
[Date "2014.04.10"]
[Round "4.27"]
[White "Khademalsharieh, Sarasadat"]
[Black "Kostenko, Petr"]
[Result "0-1"]
[WhiteElo "2292"]
[BlackElo "2506"]
[PlyCount "118"]
[EventDate "2014.04.07"]

1. d4 Nf6 2. Nf3 g6 3. c4 Bg7 4. g3 c5 5. Bg2 Qa5+ 6. Bd2 Qb6 7. dxc5 Qxc5 8.
Qb3 Nc6 9. O-O d6 10. Nc3 O-O 11. Nd5 Ne4 12. Be3 Qa5 13. Qc2 Nf6 14. Bd2 Qd8
15. Bc3 Bf5 16. e4 Nxe4 17. Bxg7 Nf6 18. Nxf6+ exf6 19. Qb3 Na5 20. Qc3 Kxg7
21. Nd4 Be6 22. b4 Nc6 23. Nxc6 bxc6 24. Bxc6 Rc8 25. b5 Bd7 26. Bxd7 Qxd7 27.
Qd4 Rc5 28. Rad1 Qh3 29. Rd2 Rfc8 30. Qxd6 Rh5 31. f3 Rxc4 32. Qe7 Rd5 33. Re2
Rd7 34. Qe3 Qf5 35. Rb2 Rcd4 36. Kg2 Rd3 37. Qf2 R7d4 38. Re1 Qd5 39. Re3 Rd1
40. Re1 Rxe1 41. Qxe1 g5 42. Qe2 h5 43. Rc2 Rd3 44. Kf2 Qxb5 45. Rd2 Qc5+ 46.
Kg2 Re3 47. Qf2 Qe5 48. Rc2 a5 49. Rd2 Kg6 50. h3 a4 51. Rc2 Kg7 52. Rd2 g4 53.
hxg4 hxg4 54. fxg4 Qe4+ 55. Kh3 Qh1+ 56. Qh2 Qb1 57. Rc2 Re8 58. Rc5 Re1 59.
Qf2 Rf1 0-1

[Event "16th Dubai Open 2014"]
[Site "Dubai UAE"]
[Date "2014.04.10"]
[Round "4.28"]
[White "Carlsson, Pontus"]
[Black "Gameel, Mohamed"]
[Result "1-0"]
[WhiteElo "2486"]
[BlackElo "2216"]
[PlyCount "49"]
[EventDate "2014.04.07"]

1. d4 d5 2. c4 c6 3. Nf3 Nf6 4. Nc3 dxc4 5. a4 Bf5 6. Ne5 Nbd7 7. Nxc4 e6 8. f3
Bb4 9. e4 Nxe4 10. fxe4 Qh4+ 11. Kd2 Qf2+ 12. Qe2 Qxd4+ 13. Kc2 Bg6 14. Bf4 O-O
15. Rd1 Qf6 16. Qe3 Bc5 17. Qg3 e5 18. Bxe5 Qe6 19. Bd6 Rfe8 20. Qh3 f5 21.
Bxc5 Nxc5 22. Nd6 Qb3+ 23. Kc1 Qb4 24. Bc4+ Kh8 25. exf5 1-0

[Event "16th Dubai Open 2014"]
[Site "Dubai UAE"]
[Date "2014.04.10"]
[Round "4.29"]
[White "Demuth, Adrien"]
[Black "Igonin, Temur"]
[Result "1/2-1/2"]
[WhiteElo "2482"]
[BlackElo "2194"]
[PlyCount "117"]
[EventDate "2014.04.07"]

1. Nf3 d5 2. g3 Bg4 3. Bg2 Nd7 4. d4 e6 5. O-O Ngf6 6. Nbd2 Be7 7. Re1 O-O 8.
e4 dxe4 9. Nxe4 Nxe4 10. Rxe4 Nf6 11. Re1 c5 12. c3 Rc8 13. dxc5 Qxd1 14. Rxd1
Bxc5 15. Re1 Nd7 16. h3 Bh5 17. g4 Bg6 18. Nh4 b6 19. Nxg6 hxg6 20. Bf4 Rcd8
21. Bc7 Rc8 22. Bf4 Rcd8 23. Bc7 Rc8 24. Bg3 Rcd8 25. Rad1 Nb8 26. Kf1 g5 27.
Bb7 Rfe8 28. Ke2 f6 29. h4 gxh4 30. Bxh4 g5 31. Bg3 Rxd1 32. Rxd1 e5 33. Be4
Kf7 34. Rh1 Bf8 35. Rd1 Ke7 36. f3 Rc8 37. Bf2 Rc7 38. Bf5 Nc6 39. b3 Nd8 40.
c4 Nb7 41. Rd5 Ke8 42. Bg6+ Ke7 43. Bf5 Ke8 44. Bg6+ Ke7 45. Kd3 Nc5+ 46. Bxc5+
Rxc5 47. Ke4 Rxd5 48. Kxd5 Kd8 49. Ke6 Be7 50. Bh5 a5 51. Bg6 Ba3 52. Kxf6 Bc1
53. Kxe5 Kc7 54. Kd5 Be3 55. Ke4 Bc1 56. Kf5 Kd6 57. a3 Kc5 58. Bf7 Bd2 59. Be8
1/2-1/2

[Event "16th Dubai Open 2014"]
[Site "Dubai UAE"]
[Date "2014.04.10"]
[Round "4.30"]
[White "Grover, Sahaj"]
[Black "Harshal, Shahi"]
[Result "1-0"]
[WhiteElo "2475"]
[BlackElo "2020"]
[PlyCount "55"]
[EventDate "2014.04.07"]

1. e4 c5 2. Nf3 e6 3. d4 cxd4 4. Nxd4 Nc6 5. Nc3 Qc7 6. a3 Nf6 7. Be3 a6 8. Be2
Be7 9. f4 d5 10. e5 Nd7 11. O-O g6 12. Kh1 h5 13. a4 b6 14. Nxc6 Qxc6 15. Bf3
Bb7 16. Ne2 Qc7 17. Nd4 Nb8 18. Rc1 Nd7 19. c4 dxc4 20. Bxb7 Qxb7 21. Rxc4 b5
22. Rc6 Nb6 23. Qc2 Nd5 24. Bd2 bxa4 25. Nxe6 fxe6 26. Qxg6+ Kf8 27. f5 Qb5 28.
Rcc1 1-0

[Event "16th Dubai Open 2014"]
[Site "Dubai UAE"]
[Date "2014.04.10"]
[Round "4.31"]
[White "Karthik, V.   AP."]
[Black "Vakhidov, Jahongir"]
[Result "0-1"]
[WhiteElo "2250"]
[BlackElo "2472"]
[PlyCount "68"]
[EventDate "2014.04.07"]

1. Nf3 g6 2. c4 Bg7 3. d4 Nf6 4. Nc3 d6 5. e4 O-O 6. Be2 e5 7. dxe5 dxe5 8.
Qxd8 Rxd8 9. Bg5 c6 10. Nxe5 Re8 11. O-O-O Na6 12. Rd6 Nxe4 13. Nxe4 Bxe5 14.
Nf6+ Bxf6 15. Bxf6 Nc5 16. Bf3 Bf5 17. Rhd1 a5 18. b3 Be4 19. Bd4 Nd3+ 20. Kd2
Bxf3 21. gxf3 Ne5 22. f4 Nf3+ 23. Kc3 Rad8 24. c5 Nxh2 25. f5 Ng4 26. fxg6 fxg6
27. Rh1 Rxd6 28. cxd6 h5 29. Re1 Kf7 30. Rd1 Nf6 31. Bxf6 Kxf6 32. Kd4 Re5 33.
Kc4 b5+ 34. Kc3 Rc5+ 0-1

[Event "16th Dubai Open 2014"]
[Site "Dubai UAE"]
[Date "2014.04.10"]
[Round "4.33"]
[White "Makropoulou, Marina"]
[Black "Ashwin, Jayaram"]
[Result "0-1"]
[WhiteElo "2201"]
[BlackElo "2454"]
[PlyCount "82"]
[EventDate "2014.04.07"]

1. e4 c5 2. Nf3 d6 3. d4 cxd4 4. Nxd4 Nf6 5. Nc3 Nc6 6. Bg5 e6 7. Qd2 a6 8. f4
h6 9. Bxf6 Qxf6 10. Nf3 Bd7 11. Bd3 Qd8 12. O-O Be7 13. Kh1 O-O 14. Rae1 Qb6
15. Nd1 Nb4 16. Ne3 Nxd3 17. cxd3 Rac8 18. f5 Kh7 19. b3 Qc5 20. Rc1 Qb5 21.
Rcd1 Bf6 22. d4 exf5 23. e5 Be7 24. d5 dxe5 25. Nxe5 Bg5 26. a4 Qxb3 27. Nxd7
Rfe8 28. Qf2 Qxe3 29. Qxf5+ Kh8 30. Qxf7 Re7 31. Qf5 g6 32. Qxg6 Rxd7 33. Rde1
Rg7 34. Qh5 Qd4 35. Qf3 Rd8 36. Rd1 Qxa4 37. g3 Qd7 38. Rfe1 Rf7 39. Qc3+ Kg8
40. Re6 Rf1+ 41. Rxf1 Qxd5+ 0-1

[Event "16th Dubai Open 2014"]
[Site "Dubai UAE"]
[Date "2014.04.10"]
[Round "4.34"]
[White "Ravi, Teja S"]
[Black "Mayed, Al-Rashedi"]
[Result "1-0"]
[WhiteElo "2354"]
[BlackElo "1838"]
[PlyCount "57"]
[EventDate "2014.04.07"]

1. d4 Nf6 2. c4 e6 3. Nf3 b6 4. g3 Ba6 5. Nbd2 Bb4 6. Qc2 Bb7 7. Bg2 Be4 8. Qd1
Bxd2+ 9. Bxd2 O-O 10. O-O d6 11. Bc3 Nbd7 12. Re1 Qe7 13. Bh3 Bf5 14. Bg2 Be4
15. Bf1 d5 16. Nd2 Bg6 17. Bg2 c5 18. e3 Rac8 19. Qa4 Rc7 20. Qa3 Re8 21. Rac1
dxc4 22. Nxc4 Ne4 23. Red1 Qf6 24. f4 Qe7 25. Be1 Ndf6 26. Ne5 cxd4 27. Qxe7
Rcxe7 28. Bb4 Rb7 29. Nxg6 1-0

[Event "16th Dubai Open 2014"]
[Site "Dubai UAE"]
[Date "2014.04.10"]
[Round "4.35"]
[White "Momeni, E."]
[Black "Saduakassova, Dinara"]
[Result "1/2-1/2"]
[WhiteElo "2194"]
[BlackElo "2342"]
[PlyCount "83"]
[EventDate "2014.04.07"]

1. c4 e5 2. Nc3 Nf6 3. g3 d5 4. cxd5 Nxd5 5. Bg2 Nb6 6. Nf3 Nc6 7. O-O Be7 8.
d3 O-O 9. Be3 Be6 10. Nd2 f6 11. Nb3 Rf7 12. Nc5 Bxc5 13. Bxc5 Qd7 14. b4 Nd5
15. Nxd5 Bxd5 16. Bxd5 Qxd5 17. a3 f5 18. f3 Nd4 19. Kg2 Rd8 20. Rc1 b6 21.
Bxd4 exd4 22. Rc4 Re7 23. Qd2 Rde8 24. Re1 c6 25. Kf2 Re6 26. Qf4 b5 27. Rc2
Qd7 28. Kf1 g6 29. Rd1 Kg7 30. Rdd2 h6 31. Rc5 Rf6 32. h4 a5 33. a4 axb4 34.
axb5 b3 35. bxc6 Rxc6 36. Rxc6 Qxc6 37. Qxd4+ Kh7 38. Qb4 Qc1+ 39. Kf2 Qh1 40.
Qxb3 Qh2+ 41. Kf1 Qh1+ 42. Kf2 1/2-1/2